| 000 | 01190nam a22003497a 4500 | ||
|---|---|---|---|
| 001 | 000046767 | ||
| 003 | CHAP | ||
| 005 | 20220329140024.0 | ||
| 008 | 971013s1979 r 00010 d | ||
| 010 | _a45708 | ||
| 011 | _a46680 | ||
| 035 | _a50821 | ||
| 040 | _cCHAP | ||
| 082 | 0 | 4 |
_a636.4 _bU3 |
| 110 | 1 | 2 |
_aUACH. Dirección de Patronato Universtario. Subdirección de Patrimonio _9115927 |
| 245 | 1 | 0 | _aEvaluación para el financiamiento de un proyecto avícola (de postura) para la granja Chapingo. |
| 260 |
_aChapingo, Méx. : _bEl Patronato, _c1979. |
||
| 300 | _apág. varía. | ||
| 501 | _aEnc. con otros impresos similares | ||
| 590 |
_aBATCH-UPD _b10 _c20130110 _lUCH01 _h1941 |
||
| 590 |
_aBATCH-UPD _b10 _c20130410 _lUCH01 _h1304 |
||
| 590 |
_aBATCH-UPD _b10 _c20130914 _lUCH01 _h0454 |
||
| 590 |
_aCONVERSION _b10 _c20130109 _lUCH01 _h1325 |
||
| 590 |
_aE5995AHE _b05 _c20150326 _lUCH01 _h0931 |
||
| 650 | 1 | 4 |
_aAvicultura _xMéxico (Edo.) _98742 |
| 650 | 1 | 4 |
_aGranjas avícolas. _950400 |
| 901 | _aBK | ||
| 942 | _cLIBRO | ||
| 942 | _n0 | ||
| 949 |
_a636.4 U3 _bBC _cLIBRO _d-114093 _eLIBRO _fc.2 _h66223 _i50821 _si |
||
| 949 |
_a636.4 U3 _bBC _cUACH _d-114090 _eUACH _h59777 _i50821 _si |
||
| 999 |
_c45708 _d45708 |
||